The design of business (Record no. 189468)

000 -LEADER
fixed length control field 00353nam a2200133Ia 4500
008 - FIXED-LENGTH DATA ELEMENTS--GENERAL INFORMATION
fixed length control field 220331s9999||||xx |||||||||||||| ||und||
020 ## - INTERNATIONAL STANDARD BOOK NUMBER
International Standard Book Number 9781422177808
082 ## - DEWEY DECIMAL CLASSIFICATION NUMBER
Classification number 650.4063 MAR
100 ## - MAIN ENTRY--PERSONAL NAME
Personal name Martin, Roger
9 (RLIN) 13200
245 #4 - TITLE STATEMENT
Title The design of business
260 ## - PUBLICATION, DISTRIBUTION, ETC.
Place of publication, distribution, etc. Boston
Name of publisher, distributor, etc. Harverd Business
Date of publication, distribution, etc. 2009
300 ## - PHYSICAL DESCRIPTION
Extent XIII, 191p.
Other physical details 1799
650 ## - SUBJECT ADDED ENTRY--TOPICAL TERM
Topical term or geographic name entry element Management
Holdings
Withdrawn status Lost status Damaged status Not for loan Home library Shelving location Date acquired Source of acquisition Full call number Barcode Date last seen Price effective from Koha item type
        Central Library Reference 03/31/2022 Mahalaxmi Enterprices 650.4063 MAR 24657 03/31/2022 03/31/2022 Books

Powered by Koha